000 00360nam a22001571a 4500
020 _a9789350000458
082 _aH3
_bNAS/S
100 _aNasira Sharma
245 _aShami kagaz/
_cby Nasira Sharma
260 _aNew Delhi:
_bVani,
_c2009.
300 _a174p.
650 _aNovel Hindi
650 _aLiterature Hindi
650 _aLiterature
942 _cBK
999 _c41652
_d41652